000 00531nam a22001937a 4500
003 CEME
005 20210628203731.0
008 210126b xxu||||| |||| 00| 0 eng d
020 _a0-324-15265-5
040 _c.
082 _a658.3 JAC
100 _aJackson, Susan.E:Schuler, Randall.S
_967074
245 _aManaging human resources;through strategic partnerships
250 _a8TH
260 _aAUSTRALIA
_bTHOMAS LEARNING
_c2003
300 _aXXXIV,766P
650 _aHUMAN RESOURCES-MANAGEMENT
_967075
942 _cBK
_2ddc
999 _c574925
_d574925